| 000 | 00370nam a2200145Ia 4500 | ||
|---|---|---|---|
| 008 | 230711s9999||||xx |||||||||||||| ||und|| | ||
| 041 | _aENG | ||
| 082 |
_a621.8 _bTE-M |
||
| 100 | _aTejwani,V.K | ||
| 245 | 0 | _aBasic machine shop practice | |
| 250 | _a1st | ||
| 260 |
_c1982 _aNew Delhi _bTata McGraw Hill Education Limited |
||
| 650 | _aMechanical Engineering | ||
| 942 | _cBK | ||
| 999 |
_c932 _d932 |
||